Il Diritto nel mistero della chiesa

Gespeichert in:
Bibliographische Detailangaben
Körperschaft: Pontificium institutum utriusque juris (VerfasserIn)
Format: Buch
Sprache:Italienisch
Veröffentlicht: Roma Pontificia Universita Lateranense 1990
Ausgabe:2a. ed
Schriftenreihe:Quaderni di Apollinaris, 9
Schlagworte:
Tags: Tag hinzufügen
Keine Tags, Fügen Sie den ersten Tag hinzu!

MARC

LEADER 00000nam a2200000 a 4500
001 UCQ1416
003 CL-VaPUC
008 980710e19900000IT |||||||||||||||||ita|d
082 0 4 |a 262.9  |b PON  |2 21 
110 2 |a Pontificium institutum utriusque juris  |e author  |9 415206 
245 1 3 |a Il Diritto nel mistero della chiesa 
250 |a 2a. ed 
300 |a v 
942 |c BK 
945 |d 19980710 00:00:00  |a aalvarez 
260 |a Roma  |b Pontificia Universita Lateranense  |c 1990 
500 |a v.2: Il popolo di dio stafi e funzioni del popolo di dio chiesa particolare e universale la funzione di insegnare 
650 0 |a Iglesia   |9 255004 
650 0 |a Sacramentos   |9 257270 
650 0 |a Leyes  |9 256670 
650 7 |a LAICO  |2 CL-VaPUC  |9 397975 
650 7 |a CONSAGRACION  |2 CL-VaPUC  |9 395231 
650 7 |a DERECHO CANONICO  |2 CL-VaPUC  |9 415207 
583 |a last modification  |c 19980710 00:00:00  |k Rodrigo Vera 
490 0 |a Quaderni di Apollinaris, 9 
999 |c 272412  |d 272410 
952 |0 0  |1 0  |4 0  |6 262_900000000000000_PON_1990  |7 0  |8 A  |9 307334  |a BIBDER  |b BIBDER  |d 2019-11-20  |h v.2  |i 3436411  |o 262.9 PON 1990  |p 3436411  |r 2023-01-25  |w 2019-11-20  |y BK  |k DER